| 000 | 00469nam a2200181Ia 4500 | ||
|---|---|---|---|
| 001 | 2080 | ||
| 005 | 20260306143816.0 | ||
| 008 | 260306t2009||||xx |||||||||||||| ||spa|| | ||
| 041 | _aESP | ||
| 082 |
_a612.67 _bC33 |
||
| 100 |
_aCastañeda García, Pedro Javier _eAUT |
||
| 245 | 0 |
_aVejez, dependencia y salud: _bguía práctica de gerontología |
|
| 260 | _c2009 | ||
| 300 |
_a214 páginas : _c24 cm. |
||
| 650 | _aGEN | ||
| 654 | _aCPS | ||
| 942 |
_cLIB _dJUS _fJUS _2ddc _n |
||
| 999 |
_c2080 _d2080 |
||